Dopasuj Stan w USA do podpowiedzi - Statystyki

Ogólne statystyki
  • Ten quiz został rozwiązany 21 razy
  • Średni wynik to 7 z 10
Statystyki odpowiedzi
Podpowiedź Stan % Poprawnych
Jego największym miastem jest Los Angeles Kalifornia
100%
Największy stan Alaska
94%
Jedyny stan położony w 100% na wyspach Hawaje
94%
Stan kowbojów i rancz Teksas
89%
Stan, którego nazwa znajduje się w pewnej restauracji fast foodowej Kentucky
78%
Często uderzają w niego huragany choć nazywany jest Słonecznym Stanem Floryda
67%
Stan, którego nazwa przetłumaczona z angielskiego na polski będzie taka sama jak nazwa pewnego kraju w Azji Georgia
67%
Stan Wielkiego Kanionu Arizona
61%
Ziemniaczany stan Idaho
28%
Stan z najmniejszą populacją Wyoming
28%
Nie znaleziono quizów pasujących do podanych kryteriów
Rozkład punktacji
Procent ludzi z każdym wynikiem
Percentyl według liczby udzielonych odpowiedzi
Twoja historia wyników
Nie rozwiązałeś tego quizu